000 00750nam a2200241Ia 4500
003 OSt
005 20220930193941.0
006 a|||||r|||| 00| 0
007 ta
008 220926b |||||||| |||| 00| 0 pan d
024 _a12175
037 _cDissertations
040 _aCRL
_cCRL
_bpan
041 _2pan
_apan
100 _aSohi Surinder Singh
_9562836
110 _aUniversity of Delhi. Faculty of Arts. Department of Punjabi
_9519628
245 0 _aRam Saroop Ankhi rachit novel Kothe Kharak Singh da alochnatmak adhyayan
260 _c1992
650 _aPUNJABI LITERATURE
700 _aUniversity of Delhi. Faculty of Arts. Department of Punjabi
_9519631
942 _cDIS
_2CC
999 _c897130
_d897130